000 00842nam a22002297a 4500
005 20250505151139.0
008 250505b |||||||| |||| 00| 0 eng d
020 _a978-0-6451695 -5-3 (hbk)
037 _cTB
040 _aAL
_cAL
041 _2Pun
_aPun
084 _aQ8441v 153R3
_qAL
100 _aਪੰਨੂ, ਹਰਪਾਲ ਸਿੰਘ
245 _aਸਿੱਖ ਧਰਮ ਵਿੱਚ ਕਾਲ ਤੇ ਅਕਾਲ
260 _aਅੰਮ੍ਰਿਤਸਰ, ਭਾਰਤ:
_bਨਾਦ ਪਰਗਾਸੁ,
_c2023.
300 _a148 ਪ.
365 _b350.00
_cINR
650 _aਧਰਮ
650 _aਸਿੱਖ ਧਰਮ
942 _2CC
_cTB
_hQ8441v 153R3
_n0
999 _c1311783
_d1311783